000 00308nam a22001337a 4500
008 181010b xxu||||| |||| 00| 0 eng d
020 _a9780070472341
041 _aeng
080 _a621
100 _a27
101 _aMEK
245 _aNational Electrical Code Handbook
_cMcPartland, J.F
942 _2udc
_cBK
999 _c49320
_d49320